Členstvo kúpeľov v oblastných organizáciách cestovného ruchu: Analýza a perspektívy
Cieľom tohto článku je analyzovať a zhodnotiť súčasný stav členstva slovenských kúpeľov v oblastných organizáciách cestovného ruchu (OOCR). Kúpele na Slovensku predstavujú významnú zložku cestovného ruchu, prispievajú k regionálnemu rozvoju a podporujú domáci aj medzinárodný cestovný ruch. Napriek t...
Salvato in:
| Autore principale: | |
|---|---|
| Altri autori: | |
| Natura: | Capitolo di libro |
| Lingua: | slovacco |
| Soggetti: | |
| Tags: |
Nessun Tag, puoi essere il primo ad aggiungerne!!
|
MARC
| LEADER | 00000naa a2200000 4500 | ||
|---|---|---|---|
| 001 | 0305841 | ||
| 005 | 20250108082910.9 | ||
| 041 | 0 | |a slo | |
| 044 | |a SK | ||
| 245 | 1 | 0 | |a Členstvo kúpeľov v oblastných organizáciách cestovného ruchu: Analýza a perspektívy |c Jerguš Horský, Henrieta Harcsová |
| 520 | |a Cieľom tohto článku je analyzovať a zhodnotiť súčasný stav členstva slovenských kúpeľov v oblastných organizáciách cestovného ruchu (OOCR). Kúpele na Slovensku predstavujú významnú zložku cestovného ruchu, prispievajú k regionálnemu rozvoju a podporujú domáci aj medzinárodný cestovný ruch. Napriek týmto výhodám sa zistilo, že až 66 % kúpeľných podnikov, ktoré sú členmi Slovenského zväzu kúpeľov, nie je zapojených do OOCR. Tento článok poskytuje podrobné hodnotenie členstva podľa administratívneho regiónu a skúma faktory, ktoré môžu ovplyvniť rozhodnutie kúpeľov nevstúpiť do týchto organizácií. V článku sú uvedené aj odporúčania pre OOCR a kúpeľné podniky na posilnenie spolupráce, ktorá by mohla prispieť k posilneniu cestovného ruchu a podpore trvalo udržateľného rozvoja kúpeľníctva na Slovensku. | ||
| 610 | 2 | 0 | |a ruch cestovný |
| 610 | 2 | 0 | |a kúpele |
| 610 | 2 | 0 | |a kúpeľníctvo |
| 100 | 1 | |a Horský, Jerguš, 1998- | |
| 700 | 1 | |a Harcsová, Henrieta, 1998- | |